LEADER 01284nam a2200253 4500 001 000000343491 003 CaOOAMICUS 005 20201222000000.0 008 201222s2018 fr 000 u fre r 020 $a978-2-88918-579-5 040 $aSeMil$bita 100 1 $aSteinmetz, Michel,$d<1962- >.$0(OLS)http://semarc/name/112680 245 13$aLa musique : un sacrement ? :$bla médiation de la musique rituelle comme lieu théologique : une participation à l'épiphanie du mystère de l'Église /$cMichel Steinmetz. 264 1$aLes Plans-sur-Bex :$bParole et Silence,$c2018. 300 $a221 p. ;$c23 cm 504 $aBibliographie, p. 163-208 650 4$aMusica cristiana.$0(OLS)http://semarc/subject/3839 650 4$aLiturgia e musica.$0(OLS)http://semarc/subject/12886 850 $aSeMil 852 $aSeMil$W1$xVenegono$y1$m3K III 135$j223134$B234474$CSeMilBibl$Z2$F234474 $81 996 $6020$a978-2-88918-579-5$9(OLS)http://semarc/number/291918 996 $6245$aLa musique : un sacrement ? :$bla médiation de la musique rituelle comme lieu théologique : une participation à l'épiphanie du mystère de l'Église$9(OLS)http://semarc/title/432475 996 $6264$aLes Plans-sur-Bex :$bParole et Silence$9(OLS)http://semarc/publisher/46887 LEADER 01101nam a2200253 i 4500 001 000000115702 003 CaOOAMICUS 005 20090513000000.0 008 090513s1979 it u000 u mul u 013 $a88391 040 $aSeMil$bita 100 1 $aMizzi, Fortunato P.$0(OLS)http://semarc/name/48328 245 12$aL'unione europea nei documenti pontifici :$bda Benedetto 15. a Giovanni Paolo 2. /$cFortunato P. Mizzi ; introduzione storica di Giovanni Rulli. 260 $a[S.l.] :$bStudia,$c1979. 300 $alxi, 326 p. ;$c22 cm. 500 $aFondo Card. C.M. Martini. 650 4$aUnione Europea - Magistero pontificio.$0(OLS)http://semarc/subject/21223 700 1 $aRulli, Giovanni.$0(OLS)http://semarc/name/20721 850 $aSeMil 852 $aSeMil$W1$xVenegono$y1$m2A II 8$j71208$B71208$CSeMilBibl$Z2$F100601 $81 941 1 $a4 961 $aOmaggio: Martini Card. Carlo Maria 996 $6245$aL'unione europea nei documenti pontifici :$bda Benedetto 15. a Giovanni Paolo 2.$9(OLS)http://semarc/title/169523 996 $6260$a[S.l.] :$bStudia$9(OLS)http://semarc/publisher/45488